000 00564cgm a22002051 4500
001 0000008956
005 20151217161726.0
007 vf cbahou
008 080624s xx--- vleng d
020 _cKES 600
040 _aKABU
_cKABU
245 0 0 _aCry of the innocent :
_h[videorecording] :
260 _aNairobi :
_bUkweli Video,
_c[2006]
300 _a1 videocassette (55 min.) :
_bsd., col ;
_c1/2 in.
538 _aVHS.
650 0 _aAbortion.
_@0000159779
908 _a080624
950 _@1
999 _c15537
_d15537